| 000 | 00831cam a2200241 a 4500 | ||
|---|---|---|---|
| 003 | OSt | ||
| 005 | 20240530110418.0 | ||
| 008 | 991018s2000 xxkb b s001 0 eng | ||
| 020 | _a1860648223 | ||
| 040 |
_aEG-CaGPL _cEG-CaGPL |
||
| 082 | 0 | 4 |
_221 _a953\ _bS A |
| 100 | 1 | _aSchulze, Reinhard. | |
| 245 | 1 | 2 |
_aA modern history of the Islamic world / _cReinhard Schulze ; Translated by Azizeh Azodi |
| 260 |
_aLondon : _bI. B. Tauris Publishers , _c2000. |
||
| 300 |
_ax, xi , 384 p. : _bmaps ; _c24 cm. |
||
| 504 | _aIncludes bibliographical references (p. 338-363) and index. | ||
| 651 | 0 |
_aIslamic countries _xHistory _y20th century. |
|
| 651 | 0 |
_aMiddle East _xHistory _y20th century. |
|
| 651 | 0 |
_aAfrica, North _xHistory _y20th century. |
|
| 700 | 0 |
_aAzizeh Azodi _etranslator |
|
| 942 |
_2ddc _cBK |
||
| 999 |
_c60597 _d60597 |
||